| 000 | 01088nam a22003257a 4500 | ||
|---|---|---|---|
| 001 | 000757 | ||
| 003 | DO-SdBNP | ||
| 005 | 20180212153012.0 | ||
| 007 | 000757 | ||
| 008 | 161128b 1993 sp a ||||| |||| 00| 0 spa d | ||
| 020 | _a8434827549 | ||
| 040 |
_aBPMSU _bspa _cBPMSU |
||
| 082 |
_axxxx _bxxxx |
||
| 100 | 1 | _aHaupt, Barbara | |
| 240 | 1 |
_aVater Jakob. _lEspañol |
|
| 245 | 1 | 0 |
_aEl abuelo Jakob / _cBarbara Haupt ; traducción del alemán, Elsa Alfonso Mori ; ilustraciones, Ana López Escrivá. |
| 250 | _a4a ed. | ||
| 260 |
_aMadrid : _bSM. _c1993 |
||
| 300 |
_a95 p. : _bil. ; _c19 cm. |
||
| 490 | 1 |
_aEl barco de vapor. Serie azul _v32 |
|
| 500 | _a"A partir de 7 años" | ||
| 500 | _aIncluye datos del autor en la solapa de la contracubierta. | ||
| 500 | _aTraducción de: Vater Jakob oder Der Langeweilewurm | ||
| 700 | 1 | 2 |
_aAlfonso Mori, Elsa, _etr. |
| 700 | 1 | 2 |
_aLópez Escrivá, Ana, _eil. |
| 830 | 0 |
_aEl barco de vapor. Serie azul ; _v32 |
|
| 942 |
_2ddc _cBK |
||
| 945 | _aInventariado, 2018 / BT | ||
| 956 |
_2LOPEREZ _310 _620161128 _8BPMSU _a00041 |
||
| 999 |
_c12130 _d12130 |
||